European cities Extreme - Sudden Death - Statistics

General Stats
  • This quiz has been taken 104 times
  • The average score is 6 of 15
Answers on the Grid
Answers color-coded by a green-red scale on the quiz's grid according to % correct below.
Recife
Lida
Mytishchi
Orlando
Chelyabinsk
Duisburg
Edmonton
Wellington
Leicester
Tiraspol
Limerick
Brescia
Yangon
Pittsburgh
Grenoble
Bergen
Khabarovsk
Syktyvkar
Antofagasta
Alexandria
Olexandria
Beirut
Izmir
Edirne
Davao
Cottbus
Acapulco
Lagos, N...
Lagos, P...
Algeciras
 
Answer Stats
Answer % Correct
Leicester
76%
Limerick
71%
Bergen
66%
Grenoble
64%
Duisburg
59%
Brescia
57%
Tiraspol
54%
Cottbus
38%
Algeciras
25%
Edirne
25%
Lagos, P...
25%
Syktyvkar
20%
Lida
18%
Mytishchi
14%
Olexandria
12%
No matching quizzes found
Score Distribution
Percent of People with Each Score
Percentile by Number Answered
Your Score History
You have not taken this quiz